Statistics for Races in Star Trek

Click here to take the quiz!

General Stats

  • This quiz has been taken 2,265 times
  • The average score is 14 of 49

Answer Stats

Answer% Correct
Human
96%
Klingon
96%
Vulcan
96%
Romulan
90%
Borg
82%
Cardassian
80%
Ferengi
80%
Bajoran
71%
Andorian
63%
Betazoid
60%
Q
47%
Jem'Hadar
42%
Trill
40%
Kazon
34%
Vorta
34%
Ocompa
33%
Gorn
32%
Breen
30%
Tellarite
30%
Orion
28%
Bolian
26%
Reman
24%
Xindi
22%
Tholian
21%
Species 8472
19%
Denobulan
17%
Hirogen
17%
El-Aurian
13%
Nausicaan
12%
Benzite
10%
Suliban
10%
Deltan
8%
Pakled
8%
Aenar
7%
Rigelian
7%
Caitian
5%
Saurian
5%
Bynar
4%
Ferasan
4%
Iconian
4%
Voth
4%
Ktarian
3%
Karemma
2%
Lethean
2%
Cordian
1%
Devidian
1%
Dosi
1%
Efrosian
1%
Vosk
1%

Score Distribution

Percentile by Number Answered

Percent of People with Each Score

Your Score History

You have not taken this quiz